José Cafranga (Record no. 17130)

MARC details
000 -LEADER
campo de control de longitud fija 00765nam a2200193 i 4500
001 - NÚMERO DE CONTROL
campo de control 17130
003 - IDENTIFICADOR DE NÚMERO DE CONTROL
campo de control ES-MaACL
005 - FECHA Y HORA DE LA ÚLTIMA TRANSACCIÓN
campo de control 20230906151518.0
007 - CAMPO FIJO DE DESCRIPCIÓN FÍSICA--INFORMACIÓN GENERAL
campo de control de longitud fija t|
008 - DATOS DE LONGITUD FIJA--INFORMACIÓN GENERAL
campo de control de longitud fija 001222s1997 sp ||||1| spa d
020 ## - NÚMERO INTERNACIONAL ESTÁNDAR DEL LIBRO
Número Internacional Estándar del Libro 84-605-6212-3
080 ## - NÚMERO DE LA CLASIFICACIÓN DECIMAL UNIVERSAL
Número de la Clasificación Decimal Universal 929 Cafranga, José
100 1# - ENTRADA PRINCIPAL--NOMBRE DE PERSONA
Nombre de persona Cabezas Fernández del Campo, José A.
9 (RLIN) 33210
245 10 - MENCIÓN DEL TÍTULO
Título José Cafranga
Resto del título : profesor universitario salmantino, prisionero en Francia (1809-1814), concertador de un matrimonio regio (1819), ministro impulsor de la transición sucesoria de 1832 /
Mención de responsabilidad, etc. José A. Cabezas Fernández del Campo.
260 ## - PUBLICACIÓN, DISTRIBUCIÓN, ETC.
Lugar de publicación, distribución, etc. Salamanca :
Nombre del editor, distribuidor, etc. J.A. Cabezas Fernández del Campo,
Fecha de publicación, distribución, etc. [1997]
300 ## - DESCRIPCIÓN FÍSICA
Extensión 266 p. :
Otras características físicas il. ;
Dimensiones 24 cm.
600 14 - PUNTO DE ACCESO ADICIONAL DE MATERIA--NOMBRE DE PERSONA
Nombre de persona Cafranga, José.
9 (RLIN) 33422
852 ## - LOCALIZACIÓN
Ubicación ES-MaACL
Número de control de estantería L-23926
Sublocalización o colección R.129003
Holdings
Estatus retirado Estado de pérdida Estado de daño No para préstamo Biblioteca de origen Biblioteca actual Ubicación en estantería Fecha de adquisición Fuente de adquisición Total de préstamos Signatura topográfica completa Código de barras Visto por última vez Precio de reemplazo Tipo de ítem Koha
        Biblioteca del Ateneo de Madrid Biblioteca del Ateneo de Madrid Depósito 2 17/01/2008     L-23926 1017476 23/02/2023 23/02/2023 Libro impreso